Statistics for How many language can you guess?

Click here to take the quiz!

General Stats

  • This quiz has been taken 60 times
    (52 since last reset)
  • The average score is 9 of 15

Answer Stats

QuestionAnswer% Correct
BonjourFrench
100%
CiaoItalian
93%
HejDanish
80%
PrivetRussian
80%
NamasteNepali/Hindi
78%
Ni haoMandarin/Chinese
76%
HalloGerman
72%
OlaPortuguese
65%
ZdravoCroatian
54%
MerhabaTurkish
50%
Xin chaoVietnamese
50%
GeiaGreek
41%
HeiFinnish
35%
SwasdiThai
26%
HaalloBurmese
17%

Score Distribution

Percentile by Number Answered

Percent of People with Each Score

Your Score History

You have not taken this quiz since the last reset